FIFA 23 Best Player From Each Team Premier League Edition - Statistics

General Stats
  • This quiz has been taken 427 times
  • The average score is 10 of 20
Answer Stats
Team Rating Total Face Stats Player % Correct
Manchester City 91 483 Kevin De Bruyne
91%
Liverpool 90 471 Mohamed Salah
91%
Tottenham 89 456 Heung Min Son
84%
Manchester United 90 445 Cristiano Ronaldo
80%
Leicester 85 441 Jamie Vardy
80%
Chelsea 89 462 N'Golo Kante
75%
Aston Villa 84 476 Emiliano Martinez
68%
West Ham 84 450 Declan Rice
65%
Crystal Palace 82 442 Wilfried Zaha
61%
Newcastle 84 445 Kieran Trippier
54%
Wolves 83 444 Ruben Neves
52%
Everton 82 466 Jordan Pickford
50%
Arsenal 84 460 Thomas Partey
50%
Southampton 81 437 James Ward-Prowse
43%
Bournemouth 81 449 Norberto Neto
27%
Fulham 81 441 Joao Palhinha
21%
Nottingham Forest 80 456 Renan Lodi
15%
Brighton 79 419 Pervis Estupinan
14%
Leeds 80 435 Luis Sinisterra
10%
Brentford 78 427 Thomas Strakosha
5%
No matching quizzes found
Score Distribution
Percent of People with Each Score
Percentile by Number Answered
Your Score History
You have not taken this quiz